[Event "7th RTU Open 2017"]
[Site "Riga"]
[Date "2017.08.10"]
[Round "5"]
[White "Sasikiran, Krishnan"]
[Black "Thorfinnsson, Bragi"]
[Result "1-0"]
[WhiteElo "2688"]
[BlackElo "2461"]
[Annotator "TA"]
[PlyCount "75"]
[EventDate "2017.??.??"]
[EventType "swiss"]
[EventCountry "LAT"]
[SourceTitle "playchess.com"]
[Source "ChessBase"]
[SourceQuality "1"]

{[%evp 21,75,45,48,55,66,36,69,45,47,47,47,34,84,40,96,83,111,109,91,91,104,121,110,111,142,94,98,82,164,114,137,81,85,57,61,43,62,66,66,12,70,55,106,83,131,37,173,136,1664,1641,2116,2065,1877,1835,29993,29994]} 1. e4 e5 2. Nf3 Nc6 3. Bb5 a6 4. Ba4 d6 5. c3 Bd7 6. O-O g6 7. d4 Bg7 8. Re1 Nge7 9. Be3 O-O 10. Nbd2 Qe8 {C76: Ruy Lopez: Deferred Steinitz: 5 c3 Bd7 6 d4 g6} 11. Bb3 Kh8 {LiveBook: 4 Games} (11... b6 12. dxe5 dxe5 13. a4 Kh8 14. Nc4 a5 15. Bxb6 cxb6 16. Nd6 Qb8 17. Ng5 Nd8 18. Ndxf7+ Nxf7 19. Nxf7+ Rxf7 20. Bxf7 {½-½ (33) Areshchenko,A (2665)-Demchenko,A (2600) Abu Dhabi 2016}) 12. dxe5 dxe5 {White is slightly better.} 13. Bc5 Rd8 $146 ({Find the theoretical novelty and annotate with similar games:} 13... b6 14. Ba3 Na5 15. Bc2 f6 16. Qe2 Qf7 17. Bd3 b5 18. b4 {½-½ (34) Marinkovic,S (2434)-Budimir,B (2240) Tuzla 2004}) 14. Qe2 b6 15. Ba3 Na5 16. Bd5 ({Much weaker is} 16. Qxa6 Bb5 $15) 16... c6 17. Bb3 Bc8 (17... c5 $14) 18. Bc2 $36 {[%mdl 2048] White is in control.} c5 19. b4 cxb4 20. Bxb4 Nac6 21. Ba3 b5 22. Bc5 Bh6 23. Nf1 Be6 {[#] Threatens to win with ...Bc4.} 24. Bb3 g5 (24... Qd7 $16) 25. Ne3 Rg8 26. Rad1 ({White should try} 26. Bxe6 fxe6 27. Ng4) 26... Ng6 $16 27. Nf5 Nf4 28. Qc2 Bf8 29. Be3 f6 30. Bxf4 (30. h4 $14) 30... Rxd1 (30... gxf4 $11 31. Bxe6 Qxe6) 31. Rxd1 $14 Bxb3 (31... gxf4 $14 32. Bxe6 Qxe6) 32. Qxb3 gxf4 33. Kf1 ({White should play} 33. Nd6 $16 Bxd6 34. Rxd6) 33... b4 (33... Nd8 $1 $14) 34. Nd6 {[%cal Bf5d6,Bd6f7,Bf7e5][%mdl 32]} Qg6 $2 {[%mdl 8192]} (34... Bxd6 $16 35. Rxd6 bxc3) 35. Nh4 $18 Qh5 36. Nf7+ Kg7 37. Nf5+ Kg6 {[#]} 38. Nxe5+ $1 {[%mdl 512] Precision: White = 45%, Black = 36%.} 1-0

[Event "7th RTU Open 2017"]
[Site "Riga"]
[Date "2017.08.10"]
[Round "5"]
[White "Nabaty, Tamir"]
[Black "Lei, Tingjie"]
[Result "1-0"]
[WhiteElo "2654"]
[BlackElo "2514"]
[Annotator "TA"]
[PlyCount "105"]
[EventDate "2017.??.??"]
[EventType "swiss"]
[EventCountry "LAT"]
[SourceTitle "playchess.com"]
[Source "ChessBase"]
[SourceQuality "1"]

{[%evp 16,105,17,13,16,12,12,0,26,-3,-7,-8,-7,-23,0,0,0,0,0,-8,-21,-16,-5,-37,-44,-80,-59,-64,-64,-92,-77,-81,-81,-81,-79,-91,-94,-90,-83,-77,-89,-70,-71,-102,0,-4,0,-20,7,0,10,13,40,16,46,40,50,17,33,21,51,49,105,104,102,95,99,104,104,102,172,164,209,190,210,210,209,206,205,200,557,580,564,564,577,575,637,637,625,607,603,587]} 1. e4 c6 2. d4 d5 3. exd5 cxd5 4. Bd3 Nc6 5. c3 e5 6. dxe5 Nxe5 7. Qe2 Qe7 8. Bb5+ Bd7 {B13: Caro-Kann: Exchange Variation and Panov-Botvinnik Attack} (8... Nc6 9. Be3 Nf6 10. h3 g6 11. Nd2 Bg7 12. Bc5 Qxe2+ 13. Nxe2 Nd7 14. Bd6 Nb6 15. a4 Bd7 16. a5 {1-0 (68) Efimenko,Z (2648)-Rapport,J (2334) Zalakaros 2017}) 9. Bxd7+ {LiveBook: 5 Games} Kxd7 10. Qb5+ Kc7 {White must now prevent ...Nd3+.The position is equal.} 11. Bf4 g5 $1 {[%cal Rg5f4]} 12. Bxe5+ $146 ({Find the theoretical novelty and annotate with similar games:} 12. Qa5+ Kc8 13. Bxe5 Qxe5+ 14. Ne2 Nf6 15. Na3 Bxa3 16. Qxa3 {½-½ (32) Hausdorf,H (2295)-Popov,V (2276) ICCF email 2010}) 12... Qxe5+ 13. Ne2 Re8 14. Nd2 a6 $36 {[%mdl 2048] Black has the initiative.} 15. Qd3 $1 Nf6 16. Nf3 Qe4 17. Qxe4 dxe4 18. Nxg5 Rg8 19. Nh3 Rxg2 20. Nhf4 Rg4 21. h3 Rg5 22. Rg1 Rf5 23. Rd1 Bh6 24. Ng2 Rf3 25. Rh1 Nd7 {Hoping for ...Ne5.} 26. Nd4 Rf6 $1 27. Ke2 Ne5 28. b3 Nd3 {[%csl Gd3][%cal Rf6f2]} 29. Rdf1 Nf4+ ({Black should play} 29... Rd8 $17 30. Ne3 Nf4+ 31. Kd1 Rc6) 30. Nxf4 $11 Bxf4 31. Rhg1 Rg6 32. Rg4 Rxg4 33. hxg4 {[%mdl 4096] Endgame KRB-KRN} Rg8 34. f3 (34. Rh1 $5 {[%cal Rh1h7]}) 34... exf3+ 35. Kxf3 Bg5 36. Re1 Rd8 37. Re5 Bd2 38. Ke4 Kb6 (38... h6 $14) 39. Kd3 $1 $16 {[%cal Rd3d2]} Bc1 40. Kc2 Ba3 41. Rf5 Rg8 42. Rf6+ Kc5 {[#]} (42... Ka7 $16) 43. b4+ $1 $18 Kd5 44. Kb3 ({But not} 44. Rxf7 $6 Bxb4 45. Rd7+ (45. cxb4 Kxd4 46. Rxh7 b5 $14) (45. Rxh7 Rxg4 46. cxb4 Rxd4 $14) (45. Rxb7 Bc5 $16) 45... Bd6 $16) 44... Bc1 45. Rxf7 Rxg4 46. Rxh7 b5 {[#]} 47. Rd7+ $1 Ke4 $2 (47... Ke5 {is tougher.} 48. a4 bxa4+ 49. Kxa4 Rg6) 48. Rd6 {White is clearly winning.} Rg2 49. Nc2 Bd2 50. Rxa6 Rg1 {( -> ...Rb1+)} 51. Na3 Bf4 52. Rb6 Be5 53. Rxb5 {Precision: White = 74%, Black = 51%.} 1-0

[Event "7th RTU Open 2017"]
[Site "Riga"]
[Date "2017.08.10"]
[Round "5"]
[White "Jumabayev, Rinat"]
[Black "Wieczorek, Oskar"]
[Result "1/2-1/2"]
[WhiteElo "2610"]
[BlackElo "2460"]
[Annotator "TA"]
[PlyCount "162"]
[EventDate "2017.??.??"]
[EventType "swiss"]
[EventCountry "LAT"]
[SourceTitle "playchess.com"]
[Source "ChessBase"]
[SourceQuality "1"]

{[%evp 21,162,33,33,34,39,29,42,53,58,39,39,45,43,25,25,29,30,16,29,26,44,33,41,31,31,31,43,41,58,60,62,53,56,47,84,80,90,60,85,84,131,92,97,94,152,168,162,163,153,136,155,92,272,266,281,264,234,226,354,352,342,323,310,176,196,191,195,195,177,179,173,135,241,234,266,259,278,216,234,206,197,216,218,214,205,202,207,127,134,45,116,102,122,118,166,164,147,168,202,201,190,179,183,159,136,95,253,145,152,160,139,98,90,80,76,64,75,75,203,203,559,60,62,55,68,71,66,34,40,22,22,16,15,0,0,0,0,0,0,0,0,0,0]} 1. d4 Nf6 2. c4 g6 3. Nf3 Bg7 4. g3 c5 5. Bg2 Qa5+ 6. Bd2 Qb6 7. dxc5 Qxc5 {E60: King's Indian: Unusual lines and Fianchetto Variation without Nc3} 8. Qb3 Ne4 9. Be3 Qa5+ 10. Nbd2 Nc6 11. O-O Nd6 {LiveBook: 4 Games} 12. Bf4 $146 ({Predecessor:} 12. Rfd1 Nf5 13. Nf1 Nxe3 14. Nxe3 O-O 15. Rac1 {0-1 (54) Grachev,B (2672)-Inarkiev,E (2666) Vladivostok 2014}) 12... Nf5 13. Ne4 d6 14. Bd2 Qc7 15. e3 O-O 16. Rac1 Qb6 17. Bc3 Qxb3 18. axb3 a5 19. Ra1 Bd7 20. Rfd1 Nb4 21. Ne1 Bc6 22. Bxb4 axb4 23. Nd3 Rxa1 24. Rxa1 d5 25. cxd5 Bxd5 26. Nec5 Bxg2 27. Kxg2 Rd8 {Hoping for ...b6.} 28. Ra7 Nd6 29. Kf3 $36 {[%mdl 2048] White is more active.} b6 30. Rd7 Rc8 31. Na6 Kf8 32. Nc7 Nb7 ({Black should try} 32... Ne8 33. Nd5 Nf6 34. Nxf6 (34. Nxb6 Nxd7 35. Nxc8 Ne5+ 36. Ke2 Nc6 $16) (34. Nxe7 Re8 $17) 34... Bxf6) 33. Ne6+ $1 $16 fxe6 34. Rxb7 $18 {[%mdl 4096] Endgame KRB-KRN} Rc6 35. Ke4 Rd6 36. g4 (36. f4 $142) 36... Kf7 $2 (36... g5 $16) 37. g5 (37. Nxb4 Bxb2 38. Nd3 Bf6 $16) 37... Bh8 38. h4 (38. Nxb4 Bxb2 39. Rc7 Ba3 $16) 38... Bg7 39. Rb8 (39. Nxb4 $6 Bxb2 40. Rc7 Rd2 $16) 39... h6 (39... Rc6 {is a better defense.} 40. Nxb4 Rd6) 40. gxh6 (40. Nxb4 hxg5 41. hxg5 Bxb2 $16) 40... Bxh6 41. Ne5+ (41. Nxb4 Bg7 $16) 41... Kg7 42. Nc4 (42. f4 $142) 42... Rd5 43. Rxb6 Rh5 44. Rxe6 Rxh4+ 45. Kf3 Bg5 46. Re4 Rh8 (46... Rh3+ $16 47. Kg2 Rh5) 47. Ne5 $1 Rb8 48. Nd3 Bf6 49. Ke2 (49. Nxb4 Kf7 $16) 49... g5 50. Kd2 ({Resist} 50. Nxb4 $6 Kg6 $16) 50... Kg6 51. Kc2 Kf5 52. Rc4 ({But not} 52. Rxb4 $6 Rxb4 53. Nxb4 g4 $16) 52... g4 53. Nxb4 Rh8 {intending ...Rh2.} 54. Nd5 Bg5 55. Rc5 (55. Kd3 $1 $16) 55... Kg6 (55... Rh2 $14) 56. Rc6+ Kf5 {[#]} 57. Kd3 $1 Rb8 58. b4 e6 59. Nb6 Bd8 60. Rc5+ Kg6 61. Nc4 Rxb4 62. Ne5+ Kf6 63. Nc6 Rb7 $2 (63... Rb3+ $16 {keeps fighting.} 64. Rc3 Rb7) 64. b4 (64. Nxd8 $18 Rd7+ 65. Kc3 Rxd8 66. b4) 64... Rd7+ $16 {[#]} 65. Ke2 $1 Bc7 66. Nd4 Bd6 67. Rc6 Bxb4 68. Rxe6+ Kg5 69. Re5+ Kf6 (69... Kg6 $16) 70. Re4 $18 Rg7 $2 (70... Bc3 71. Rxg4 Ra7 72. Rf4+ Kg6 73. Rg4+ Kh5) 71. Ne6 $2 ({White must play} 71. Rf4+ $18 Kg6 72. Rxg4+ Kf6 73. Rxg7 Kxg7 74. e4) 71... Kf5 $14 72. Kd3 Rd7+ 73. Nd4+ Kg5 74. Re5+ Kh4 75. Rb5 Be1 {The position is equal.} 76. Ke2 Bc3 77. Ne6 Rd2+ 78. Kf1 g3 79. fxg3+ Kxg3 80. Ng5 (80. Nd4 $5) 80... Rd1+ 81. Ke2 Rd2+ {Precision: White = 63%, Black = 53%.} 1/2-1/2

[Event "7th RTU Open 2017"]
[Site "Riga"]
[Date "2017.08.10"]
[Round "5"]
[White "Bogner, Sebastian"]
[Black "Yankelevich, Lev"]
[Result "1/2-1/2"]
[WhiteElo "2600"]
[BlackElo "2447"]
[Annotator "TA"]
[PlyCount "121"]
[EventDate "2017.??.??"]
[EventType "swiss"]
[EventCountry "LAT"]
[SourceTitle "playchess.com"]
[Source "ChessBase"]
[SourceQuality "1"]

{[%evp 19,121,22,37,47,85,91,91,81,92,85,89,89,100,100,100,96,101,81,85,64,66,77,61,62,79,80,67,67,82,65,70,68,73,64,85,35,42,42,47,41,43,40,35,18,31,17,27,27,43,19,23,34,41,0,0,0,0,0,0,0,0,0,0,0,0,0,135,0,0,0,0,16,150,0,13,0,0,0,141,0,0,0,8,8,8,8,8,8,8,8,8,8,8,8,8,8,8,8,8,8,8,8,8,8]} 1. d4 Nf6 2. c4 g6 3. Nf3 Bg7 4. g3 O-O 5. Bg2 d6 6. O-O Nc6 7. Nc3 e5 8. dxe5 dxe5 9. Bg5 Be6 10. Qa4 Qe8 {LiveBook: 5 Games. E62: King's Indian: Fianchetto: 6...c6 and Panno Variation (6...Nc6) without ...a6} (10... h6 11. Rad1 Qe7 12. Nd5 Bxd5 13. Bxf6 Bxf6 14. cxd5 Nd4 15. e4 Nxf3+ 16. Bxf3 Rfd8 17. Rc1 Qd7 18. Qxd7 Rxd7 {½-½ (35) Edouard,R (2628)-Bacrot,E (2692) Cap d'Agde 2016}) 11. Nd2 Nd4 $146 {White must now prevent ...Nxe2+!} ({Predecessor:} 11... h6 12. Bxf6 Bxf6 13. Nd5 Bd8 14. Ne4 f5 15. Nc5 Bc8 16. Rad1 Nd4 17. Qxe8 Rxe8 18. Nc3 {½-½ (44) Michiels,B (2536)-Kovalev,A (2517) Gent 2017}) 12. Qxe8 $1 Raxe8 {White is better.} 13. e3 Nf5 14. Bxf6 Bxf6 15. Bxb7 Rb8 16. Bd5 $1 Rxb2 17. Nde4 Be7 18. Bxe6 fxe6 19. c5 Kf7 20. Rfd1 Rd8 21. Rxd8 Bxd8 22. Rb1 Rxb1+ 23. Nxb1 $16 {[%mdl 4096] Endgame KBN-KNN} Ke8 24. Kf1 Kd7 25. Ke2 Kc6 26. Kd3 Be7 27. Kc4 a5 28. g4 Nh6 $1 29. Nbd2 Nxg4 30. Nf3 Kb7 $1 31. Kb5 Nf6 $1 32. c6+ (32. Nfg5 {is interesting.} Nxe4 33. Nxe4 a4 34. Kxa4 Kc6 35. Kb4) 32... Ka7 $1 33. Nxf6 Bxf6 $11 {KB-KN} 34. a4 g5 $1 35. Nd2 ({Of course not} 35. Kxa5 e4 $17) 35... g4 36. Ne4 Bh4 37. Kxa5 Kb8 38. Ka6 Be7 39. Kb5 Bh4 40. Ka6 Be7 41. a5 Bh4 42. Kb5 Ka7 (42... h6 $11 {keeps the balance.}) 43. a6 (43. Nc5 $1 $16 {[%cal Rc5e6]} Kb8 44. Nd7+ (44. Nxe6 Bxf2 45. Nf8 h5 $17) 44... Ka7 45. Nxe5) 43... Kb8 44. Ka5 h6 45. Kb5 h5 {[#]} (45... Be7 $1 $11) 46. Ka5 ({White has to play} 46. Ng3 $1 $16) 46... Ka8 47. Ka4 (47. Ng3 $11) 47... Ka7 $16 48. Kb5 Kb8 {[#]} 49. Kb4 (49. Ng3 $1 $16) 49... Ka7 $11 {The position is equal.} 50. Ka5 Ka8 51. Nc5 Bxf2 52. Nxe6 Bxe3 53. Nxc7+ Kb8 $132 {[%mdl 2048] Black is not keeping still} 54. Nd5 Ba7 $1 55. Kb5 {Threatening mate with c7+.} Kc8 $1 56. Nf6 Kc7 57. Nxh5 e4 58. Kc4 Kxc6 59. Nf6 $1 Bb8 60. Nxg4 Bxh2 61. Nxh2 {Precision: White = 71%, Black = 80%.} 1/2-1/2

[Event "7th RTU Open 2017"]
[Site "Riga"]
[Date "2017.08.10"]
[Round "5"]
[White "Kryakvin, Dmitry"]
[Black "Bernotas, Arturs"]
[Result "1-0"]
[WhiteElo "2583"]
[BlackElo "2431"]
[Annotator "TA"]
[PlyCount "47"]
[EventDate "2017.??.??"]
[EventType "swiss"]
[EventCountry "LAT"]
[SourceTitle "playchess.com"]
[Source "ChessBase"]
[SourceQuality "1"]

{[%evp 16,47,93,84,91,87,96,95,97,97,109,110,118,119,169,123,127,125,120,127,153,153,165,160,193,177,195,164,245,183,459,456,734,719]} 1. d4 Nf6 2. Bg5 Ne4 3. Bf4 c5 4. f3 Nf6 5. dxc5 e5 (5... Na6 6. e4 Nxc5 7. Nc3 d6 8. Qd2 Bd7 9. Nge2 h6 10. Be3 Rc8 11. a4 Qa5 12. Nf4 g5 13. Nd3 Nxd3+ 14. cxd3 {1-0 (66) Adhiban,B (2672)-Karthikeyan,M (2585) Chengdu 2017}) 6. Bxe5 {A45: Trompowsky Attack} Bxc5 7. Bd4 Qb6 8. Bxc5 Qxc5 9. Qd2 {LiveBook: 3 Games} O-O {[#]} 10. Nc3 $1 d5 11. e3 Nc6 {[%cal Bb8c6,Bc6e5,Be5c4][%mdl 32]} 12. O-O-O Be6 13. Nge2 Rac8 $146 14. Nd4 Ne5 15. Kb1 a6 16. Bd3 b5 17. Nce2 Bd7 18. g4 Rfd8 19. Nf4 Nc4 20. Qf2 Ne8 21. Rhe1 Bc6 (21... Qd6 $142 22. Qh4 g6) 22. Nf5 {aiming for Qh4.} Qb4 $2 {[#]} (22... g6 {was worth a try.}) 23. c3 $18 Qf8 (23... Qxb2+ $142 24. Qxb2 Nxb2 25. Kxb2 Rc7) 24. Qh4 {Precision: White = 78%, Black = 33%.} 1-0

[Event "7th RTU Open 2017"]
[Site "Riga"]
[Date "2017.08.10"]
[Round "5"]
[White "Neiksans, Arturs"]
[Black "Zakhartsov, Vladimir"]
[Result "1-0"]
[WhiteElo "2582"]
[BlackElo "2430"]
[Annotator "TA"]
[PlyCount "55"]
[EventDate "2017.??.??"]
[EventType "swiss"]
[EventCountry "LAT"]
[SourceTitle "playchess.com"]
[Source "ChessBase"]
[SourceQuality "1"]

{[%evp 29,55,19,29,12,12,4,70,60,129,123,161,141,243,220,231,229,232,223,340,322,385,326,343,318,2019,1991,1992,1896]} 1. Nf3 c5 2. c4 Nf6 3. Nc3 e6 4. g3 b6 5. Bg2 Bb7 6. O-O d6 7. d4 cxd4 8. Qxd4 a6 9. Rd1 Be7 10. b3 Nbd7 11. Bb2 Qc7 12. e4 O-O 13. Qe3 Rfe8 14. Rac1 {A30: Symmetrical English: Double Fianchetto and Hedgehog} Rac8 15. h3 Qb8 {[#] LiveBook: 14 Games} 16. Nh2 $146 {White has an edge.} ({Predecessor:} 16. Nd4 Bf8 17. Re1 Ba8 18. Rcd1 Nc5 19. f3 g6 20. Qf2 Bg7 21. Bf1 Nh5 22. Bg2 Nf6 23. Re2 Rcd8 24. Ba1 Nh5 25. Red2 Bh6 26. Re2 Bg7 27. Red2 Bh6 28. Re2 {½-½ (28) Bocharov,D (2581)-Rozum,I (2602) Khanty-Mansiysk 2016}) 16... Qa8 17. Ng4 Nh5 ({Black should play} 17... Nxg4 $11 18. hxg4 b5) 18. Bf3 $14 Kf8 (18... Nhf6 $14) 19. Rd2 Nc5 {[#]} 20. Rcd1 $1 Qb8 (20... Rcd8 $16 {might work better.} 21. b4 Nd7) 21. b4 $18 Nd7 {[#]} 22. e5 $1 {[%cal Be4e5,Be5d6][%mdl 544]} Bxf3 (22... dxe5 23. Rxd7) 23. Qxf3 g6 (23... Qa8 {was worth a try.} 24. Qxa8 Rxa8) 24. exd6 Bg5 25. Ne4 Bxd2 26. Rxd2 Qb7 $2 (26... e5 27. Ng5 f6 28. Nxf6 Nhxf6) 27. Nh6 {[%csl Gh6][%cal Rf3f7]} f6 28. Nxf6 {Precision: White = 87%, Black = 30%.} 1-0

[Event "7th RTU Open 2017"]
[Site "Riga"]
[Date "2017.08.10"]
[Round "5"]
[White "Kulaots, Kaido"]
[Black "Wan, Yunguo"]
[Result "1/2-1/2"]
[WhiteElo "2577"]
[BlackElo "2482"]
[Annotator "TA"]
[PlyCount "52"]
[EventDate "2017.??.??"]
[EventType "swiss"]
[EventCountry "LAT"]
[SourceTitle "playchess.com"]
[Source "ChessBase"]
[SourceQuality "1"]

{[%evp 12,52,5,21,15,16,18,0,191,176,197,117,117,117,248,291,296,292,296,220,235,172,191,152,268,182,225,211,209,266,256,194,194,0,0,0,0,0,0,0,0,0,0]} 1. d4 Nf6 2. Bf4 d5 3. e3 g6 4. Nc3 Bg7 5. h4 O-O (5... c6 6. Nf3 Bg4 7. Be2 Nbd7 8. Ne5 Bxe2 9. Qxe2 h5 10. O-O-O Qa5 11. Kb1 {1-0 (44) Karjakin,S (2781)-Giri,A (2771) Stavanger 2017}) 6. h5 {D00: 1 d4 d5: Unusual lines} c5 7. hxg6 {LiveBook: 4 Games} hxg6 8. Qd2 Nc6 9. O-O-O c4 $146 (9... Qa5 $11 {and Black stays safe.}) ({Predecessor:} 9... Bf5 10. Bd3 Bxd3 11. Qxd3 {½-½ (20) Deghose,M (2192)-Storkan,Z (2146) LSS email 2011}) 10. f3 $1 $18 b5 11. g4 ({White should try} 11. Nxb5 $18 Nh5 12. e4) 11... b4 $16 {[#]} 12. Na4 $1 b3 (12... Qa5 $16 13. b3 Rd8) 13. axb3 $18 cxb3 14. cxb3 Bd7 15. Qh2 Nb4 {next ...Bxa4 is good for Black.} 16. Bh6 {Black must now prevent Bxg7.} Rc8+ 17. Kb1 {aiming for Bxg7.} Rc2 (17... Qc7 $16) 18. Ne2 {Hoping for Bxg7.} Bxa4 19. Bxg7 $40 {[%csl Gg7,Gh1][%cal Rh2h8][%mdl 128] White attacks with force.} (19. bxa4 $2 Qc8 $19) 19... Nh5 20. bxa4 ({Weaker is} 20. Bxf8 Bxb3 21. Bxe7 (21. gxh5 Qa5 $17) 21... Qa5 $17) 20... Qd7 21. Bxf8 ({But not} 21. gxh5 $2 Qxa4 22. Nc3 Qb3 $19) 21... Qxa4 {[%csl Gb4][%cal Ra4a2] [#]} 22. Nc3 $2 (22. Nc1 $1 $18 Rxh2 23. b3 Rxh1 24. bxa4 Kxf8 25. gxh5 gxh5 26. Ne2) 22... Rxc3 $1 $11 {The position is equal.} 23. bxc3 Qb3+ 24. Kc1 (24. Qb2 $5 {[%cal Rb2b3]} Qxd1+ 25. Qc1 Qb3+ 26. Qb2 Qd1+ 27. Qc1 Qb3+ 28. Qb2 Qd1+ $11) 24... Qxc3+ 25. Kb1 Qb3+ 26. Kc1 (26. Qb2 $5 {[%cal Rb2b3]} Qxd1+ 27. Qc1 Qb3+ 28. Qb2 Qd1+ 29. Qc1 Qb3+ 30. Qb2 Qd1+ $11) 26... Qc3+ {Precision: White = 83%, Black = 64%.} 1/2-1/2

[Event "7th RTU Open 2017"]
[Site "Riga"]
[Date "2017.08.10"]
[Round "5"]
[White "Vorobiov, Evgeny E"]
[Black "Henderson de La Fuente, Lance"]
[Result "1/2-1/2"]
[WhiteElo "2569"]
[BlackElo "2412"]
[Annotator "TA"]
[PlyCount "35"]
[EventDate "2017.??.??"]
[EventType "swiss"]
[EventCountry "LAT"]
[SourceTitle "playchess.com"]
[Source "ChessBase"]
[SourceQuality "1"]

{[%evp 17,35,0,0,-18,-18,-22,-25,-13,0,0,0,0,27,19,56,-77,-77,-73,-25,-24]} 1. e4 e5 2. Nf3 Nc6 3. Nc3 Nf6 4. Be2 d5 5. exd5 Nxd5 6. O-O Nxc3 7. bxc3 e4 {C47: Scotch Four Knights and Four Knights with 4 g3} 8. Ne1 Bd6 9. f3 Bf5 {LiveBook: 12 Games. The position is equal.} 10. Rb1 O-O 11. fxe4 $146 ({Predecessor:} 11. Rb5 Bg6 12. fxe4 Qh4 13. e5 Nxe5 14. d4 Ng4 15. Nf3 {1-0 (47) Popov,I (2627)-Paravyan,D (2428) Moscow 2014}) 11... Bxe4 {White must now prevent ...Qh4.} 12. Nf3 Qe7 13. d4 Rae8 14. Bd3 f5 15. Ng5 (15. Rxb7 $2 Nxd4 $1 {[%mdl 512]} 16. cxd4 Bxb7 $17) 15... Na5 16. Bd2 {[#]} (16. Qh5 $1 $14 {stays ahead.} g6 17. Qh6) 16... h6 $1 $17 {[%cal Rh6g5]} 17. Nh3 b6 18. Qh5 {Precision: White = 59%, Black = 47%.} 1/2-1/2

[Event "7th RTU Open 2017"]
[Site "Riga"]
[Date "2017.08.10"]
[Round "5"]
[White "Ghosh, Diptayan"]
[Black "Percivaldi, Martin"]
[Result "1-0"]
[WhiteElo "2562"]
[BlackElo "2407"]
[Annotator "TA"]
[PlyCount "65"]
[EventDate "2017.??.??"]
[EventType "swiss"]
[EventCountry "LAT"]
[SourceTitle "playchess.com"]
[Source "ChessBase"]
[SourceQuality "1"]

{[%evp 18,65,45,37,40,40,29,34,30,30,33,33,38,29,55,54,63,34,46,37,43,37,43,44,96,99,164,157,157,136,145,137,126,131,181,190,317,233,340,299,325,323,310,279,29988,29989,29989,29990,29990,29991]} 1. Nf3 d5 2. c4 c6 3. e3 Nf6 4. Nc3 a6 5. d4 Bf5 6. Ne5 {D15: Slav Defence: 4 Nc3 a6 and gambit lines after 4 Nc3 dxc4} Nbd7 7. Qb3 Qc7 8. cxd5 Nxe5 9. dxe5 Nxd5 10. Nxd5 {LiveBook: 39 Games} cxd5 11. Bd2 e6 12. Rc1 Qd7 13. Be2 {And now Qb6 would win.} Be7 {[#]} 14. Ba5 $146 Bd8 15. Bb4 Be7 16. Bxe7 Qxe7 17. Qb6 {Black must now prevent Rc7.} O-O 18. Rc7 Qg5 19. O-O Bh3 {[%csl Gh3][%cal Rg5g2] [#]} 20. Bf3 f6 ({Black should try} 20... h6 $14) 21. Kh1 $16 Bg4 (21... Bf5 $16 {keeps fighting.}) 22. Bxg4 $18 (22. Rxb7 $6 fxe5 23. Bxg4 Qxg4 $16) 22... Qxg4 23. h3 $36 {[%mdl 2048] White is on the roll.} ({Resist} 23. Qxb7 $6 fxe5 24. b3 Qg6 $14) 23... Qf5 24. exf6 Qxf6 25. Rxb7 Rac8 26. Qxa6 Rc2 (26... Ra8 {is a better defense.} 27. Qd6 Rxa2) 27. Qd6 h5 (27... Rd8 {was called for.} 28. Qb6 e5 29. Qxf6 gxf6) 28. Re7 Rd2 29. Rxe6 Qxb2 30. Re5 Qxa2 $2 {[#]} (30... Rf6 $18 31. Qe7 Qb8 32. Rxh5 Qd6 33. Qe8+ Rf8) 31. Qe6+ {White mates.} Rf7 32. Rf5 d4 33. Qe8+ {Precision: White = 85%, Black = 31%.} 1-0